[Event "Yangon zt"]
[Site "Yangon"]
[Date "1998.12.09"]
[Round "1"]
[White "Dao, Thien Hai"]
[Black "Zaw, Oo"]
[Result "1-0"]
[WhiteElo "2580"]
[BlackElo "2340"]
[Annotator "Krasenkow,M"]
[PlyCount "91"]
[EventDate "1998.12.??"]
[EventType "swiss"]
[EventRounds "9"]
[EventCountry "BUR"]
[SourceTitle "CBM 069"]
[Source "ChessBase"]
[SourceDate "1999.04.01"]
[SourceVersion "1"]
[SourceVersionDate "1999.04.01"]
[SourceQuality "1"]

1. d4 Nf6 2. c4 g6 3. Nc3 d5 4. cxd5 Nxd5 5. Bd2 Bg7 6. e4 Nb6 7. Be3 O-O 8.
Be2 Nc6 9. Nf3 Bg4 10. d5 Bxf3 11. gxf3 Ne5 {Not a good idea as the knight
will have to retreat to d7 - an ugly square!} (11... Na5 $5 12. Bd4 Qd6 (12...
e5 13. Bc5 Re8 14. Bb5 c6 15. dxc6 bxc6 16. Ba6 Bf8 17. Bxf8 Rxf8 18. Qxd8
Raxd8 19. Rd1 Rd4 20. Ke2 Rfd8 21. b3 Kf8 22. Rxd4 Rxd4 23. Ke3 c5 {Soppe,
G-Malisauskas,V/Erevan olm 1996/1-0 (74)}) 13. Nb5 Qb4+ 14. Qd2 Qxd2+ 15. Kxd2
c6 16. Bxg7 Kxg7 17. dxc6 Nxc6 18. Rhd1 f5 19. Ke1 Rac8 20. Nd4 Kf6 21. a4 a5
22. Nxc6 Rxc6 $15 {1-0 Shabtai,R-Jansa,V/Gausdal Int 1995 (68)}) 12. Qb3 {
[%cal Yb3b7,Yb3g8]} (12. Bd4 e6 13. f4 Ned7 14. Bxg7 Kxg7 15. Qd4+ Qf6 16.
O-O-O exd5 17. Nxd5 Nxd5 18. exd5 Rad8 19. Bf3 Rfe8 20. Rd3 Nb6 21. Rhd1 Rd6
22. Kc2 c5 23. Qxf6+ Rxf6 24. Re3 Rd8 25. Re7 Rxf4 26. Rd3 Nc4 27. Rc3 Nd6 28.
Kd2 b6 29. Ke3 Rb4 {0-1 Tyrtania,M-Lagunow,A/Berliner Sommer 1994}) 12... c6
13. f4 {White wants to make use of his pair of bishops. He doesn't need any
complications with the long castling.} (13. O-O-O cxd5 14. Nxd5 Nxd5 15. Rxd5
Qc7+ 16. Kb1 Nc6 17. f4 e5 18. fxe5 Bxe5 19. h4 Rfd8 20. Bc4 b5 21. Rxb5 Rab8
22. Rc1 a6 23. Bb6 Qd7 24. Rd5 Qg4 25. f3 Qxh4 26. Bxd8 Rxb3 27. Bxb3 Qf2 28.
Rxe5 Nxe5 29. Bf6 Nd7 30. Rc8+ Nf8 31. Be7 Qf1+ 32. Kc2 Qe2+ 33. Kc1 {1/2-1/2
Korchnoi,V-Svidler,P/Bad Homburg 1998}) 13... Ned7 14. Rd1 $5 {[%csl Gb3][%cal
Ye3a7,Yb3b7,Ye2g4,Ye4e6,Ya2a5,Rg4d7,Ge2a6,Gd1d8,Yb3g8]} (14. dxc6 bxc6 15. Rd1
e6 16. h4 Qe7 17. h5 Rab8 18. hxg6 hxg6 19. Qc2 Rfd8 20. Kf1 Nf6 21. Kg2 Rxd1
22. Rxd1 Rd8 23. Qb3 Rxd1 24. Bxd1 Qc7 25. a4 Nbd7 26. Qc4 a5 27. Bf3 Qb7 28.
b3 Bf8 29. Ne2 Be7 30. Nd4 Nb8 31. f5 gxf5 32. exf5 e5 33. Nxc6 Nxc6 34. Bxc6
Qc8 35. Bd5 Qxf5 36. Bxf7+ Kg7 37. Be6 Qg6+ 38. Kf1 Qb1+ {Hausrath,
D-Mohandessi,S/tt, Brussels BEL 1996/1-0 (54)}) 14... Qc7 15. O-O Rfd8 (15...
cxd5 16. Nxd5 Nxd5 17. Rxd5 Nf6 18. Rc1 Qb8 19. Rd4 $16 {/+-}) 16. a4 $1 Nf6 (
16... cxd5 17. a5 Nc8 18. Nxd5 Qxa5 19. Ra1 $18) ({After} 16... a5 {Black has
no more useful moves as his pieces are placed extremely awkwardly.}) 17. a5
Nbd7 18. dxc6 bxc6 19. e5 Nd5 (19... Ne8 {is too ugly.}) 20. Nxd5 cxd5 21. Rxd5
e6 (21... Rab8 22. Qc3 Qxc3 23. bxc3 e6 24. Rd2 $18) 22. Rb5 $18 {White easily
realizes his extra pawn.} a6 23. Rc1 Qxc1+ 24. Bxc1 axb5 25. Qxb5 Rab8 26. Qa4
Nc5 27. Qa2 Rb4 28. Qa3 Rdb8 29. a6 Nxa6 30. Qxa6 Bf8 31. Qc6 R8b6 32. Qc2 Rb8
33. Kg2 R8b6 34. Bc4 Rb8 35. b3 R4b6 36. Be3 R6b7 37. Kf3 Be7 38. Qe4 Rc7 39.
h4 Kg7 40. h5 Bf8 41. Ke2 Be7 42. Qf3 Kh8 43. hxg6 hxg6 44. f5 gxf5 45. Qh5+
Kg8 46. Bh6 1-0

[Event "EU-ch 8th"]
[Site "Dresden"]
[Date "2007.04.13"]
[Round "10"]
[White "Dreev, Alexey"]
[Black "Kurnosov, Igor"]
[Result "0-1"]
[WhiteElo "2633"]
[BlackElo "2566"]
[Annotator "Krasenkow,M"]
[PlyCount "80"]
[EventDate "2007.04.03"]
[EventType "swiss"]
[EventRounds "11"]
[EventCountry "GER"]
[SourceTitle "CBM 118"]
[Source "ChessBase"]
[SourceDate "2007.05.31"]
[SourceVersion "1"]
[SourceVersionDate "2007.05.31"]
[SourceQuality "1"]

1. d4 Nf6 2. c4 g6 3. Nc3 d5 4. cxd5 Nxd5 5. Bd2 Nb6 6. Nf3 Bg7 7. Rc1 {
An unsuccessful attempt to bring some "fresh blood" into this system.} (7. Bg5
{is the main theoretical move.}) 7... Nc6 8. e3 e5 $1 $146 {[%mdl 520] Not
fearing 9.Bb5, Black immediately attacks White's pawn centre.} (8... a6 {
is a bit too slow although Black equalized in the following game:} 9. Be2 O-O
10. O-O Re8 11. Qc2 e5 12. dxe5 Nxe5 13. Nxe5 Bxe5 14. Bf3 Bf5 15. e4 Be6 16.
b3 Qd6 17. g3 Rad8 {1/2-1/2 Peric,D-Mihalj,M/Zadar 2004/CBM 103 ext (22)}) (
8... O-O $5 9. Be2 (9. Bb5 e5 $5 {leads to the game position}) 9... e5 10. dxe5
Nxe5 11. Nxe5 Bxe5 12. O-O Bf5 13. e4 $5 Bxc3 14. Rxc3 Bxe4 15. Qc1 Re8 16. Re1
Nd5 17. Rc4 c6 {0-1 Romanov,O-Voitsekhovsky,S/Minsk 2001/EXT 2002 (69) - White
failed to prove his compensation for the sacrificed pawn.}) 9. Bb5 O-O 10. Bxc6
exd4 11. Nxd4 bxc6 {Quite a typical situation for some lines of the Gruenfeld
- Black's pawns are doubled along the c-file (one of them can even be captured)
but he has excellent counterplay due to his strong bishop pair.} 12. Nce2 (12.
Nxc6 Qd7 $36 {[%cal Yc8b7]}) 12... Qg5 13. O-O c5 14. Nf3 Qe7 15. Bc3 (15. Qc2
$5 {[%cal Rc2c5] was probably more appropriate:} c4 {[%cal Rc8f5]} 16. Ng3 Bb7
17. Bc3 $13) 15... Rd8 16. Qe1 (16. Qc2 $6 Bf5 17. Qb3 c4) 16... Bh6 {
Correctly evading the exchange.} 17. Ne5 $6 {Another inaccuracy.} (17. b4 $142
$5 {trying to gain the c4 square for his pieces} c4 $140 18. Bd4 $15) 17... Rd6
18. b3 Ba6 $17 19. Nc4 $6 {White can't stand the pressure of the black bishops
and gives up a pawn.} Bxc4 (19... Nxc4 $143 20. bxc4 Bxc4 21. Be5 $5 Qxe5 22.
Rxc4) 20. bxc4 Nxc4 21. Ng3 (21. Bf6 Qe4 22. Ng3 Qe6 $17) 21... Qe6 {The rest
is practically a matter of technique. Black's strong c-pawn should decide the
game.} 22. Rc2 Rad8 23. Qe2 Nb6 24. Ba1 c4 25. a4 (25. Bd4 Rc8 $1 {[%cal Yc7c5]
}) 25... Rd3 26. a5 Na4 27. Rfc1 Nc5 {[%cal Rc5b3]} 28. Bc3 Nb3 29. Re1 Bg7 30.
Bxg7 Kxg7 31. h4 c3 32. Nf1 h5 33. a6 c5 34. Qf3 R8d7 35. Qf4 Qxa6 $6 (35...
Rd1 36. Rxd1 Rxd1 $19 {[%cal Rb3d2]}) 36. Ng3 Qf6 37. Qc4 (37. Qxf6+ Kxf6 38.
Ne4+ Ke5 39. Nxc3 {was more stubborn.}) 37... Rd1 38. Rf1 R7d2 39. Ne4 (39.
Qxc3 Rxf1+ 40. Nxf1 Rxf2 $1 $19) 39... Rxf1+ 40. Qxf1 Rxc2 0-1

[Event "Grenke Chess Classic 6th"]
[Site "Karlsruhe/Baden Baden"]
[Date "2019.04.23"]
[Round "4"]
[White "Meier, Georg"]
[Black "Vachier Lagrave, Maxime"]
[Result "0-1"]
[WhiteElo "2628"]
[BlackElo "2773"]
[Annotator "Krasenkow,M"]
[PlyCount "188"]
[EventDate "2019.04.20"]
[EventType "tourn"]
[EventRounds "9"]
[EventCountry "GER"]
[EventCategory "19"]
[SourceTitle "CBM 190"]
[Source "ChessBase"]
[SourceDate "2019.06.30"]
[SourceVersion "1"]
[SourceVersionDate "2019.06.30"]
[SourceQuality "1"]

{[%evp 0,188,19,25,23,8,31,37,62,57,44,47,76,85,114,-18,15,36,36,0,7,11,30,50,
56,54,40,28,15,35,35,-25,-13,-11,-5,-7,-9,-20,-17,-7,24,12,55,42,85,73,66,47,
83,71,64,62,55,51,36,49,49,24,33,27,20,29,26,4,0,0,0,-41,-42,-54,-71,-80,-80,
-76,-56,-79,-80,-63,-85,-97,-97,-120,-79,-74,-77,-105,-82,-82,-65,-77,-88,-103,
-111,-104,-110,-109,-88,-94,-109,-119,-77,-86,-56,-86,-86,-74,-66,-77,-57,-57,
-47,-57,-46,-42,-40,-69,-63,-101,-101,-52,-45,-52,-65,-122,-57,-57,-34,-34,-33,
-126,-80,-126,-118,-123,-122,-134,-129,-136,-142,-181,-190,-172,-187,-193,-203,
-250,-254,-254,-254,-254,-254,-254,-227,-254,-254,-254,-254,-254,-254,-254,
-254,-254,-254,-254,-254,-405,-442,-340,-338,-344,-340,-339,-59,-58,-55,-56,
-54,-54,-54,-54,-54,-54,-54,-54,-54,-54,-54,-54,-54,-54,-54]} 1. d4 Nf6 2. c4
g6 3. Nc3 d5 4. Nf3 Bg7 5. h3 {Another attempt to avoid major Gruenfeld theory.
} dxc4 {Interestingly, the Megabase already contains hundreds of games with 5.
h3, and most of them saw} (5... O-O {, to which} 6. Bf4 {was usually played.
This line should be absolutely harmless for Black; still, Maxime
Vachier-Lagrave choses another continuation.}) 6. e4 c5 7. d5 O-O (7... b5 $5 {
, common in the 5.h4 system, looks very logical here, too.}) 8. Bxc4 b5 $1 {
This counterblow is Black's usual continuation when White plays 5.h4 instead
of 5.h3. The difference is that White can now go for a quiet position with
short castling. Still, Black has no problems in that case.} (8... a6 $6 9. a4
Nfd7 10. a5 b5 11. axb6 Qxb6 12. O-O $16 {1-0 (33) Radin,D (2043)-Gajcin,S 
(1755) Novi Sad 2016}) 9. Nxb5 Nxe4 10. O-O Ba6 11. Qe2 Nd6 12. Nxd6 Qxd6 $11
13. Re1 (13. Rd1 {was more solid.}) 13... Bxc4 14. Qxc4 Rd8 15. Bf4 Qxd5 16.
Qxd5 Rxd5 17. Rxe7 {The endgame is roughly equal. The following fight doesn't
change the evaluation for a long time.} Nc6 18. Re2 Nb4 19. Rae1 h6 20. b3 Kh7
21. Re7 Rf5 22. Bg3 g5 23. Ne5 Kg8 24. Nc4 Bd4 25. R1e2 Nd5 26. Re8+ Rxe8 27.
Rxe8+ {[%mdl 4096]} Kh7 28. Ra8 Nc3 29. Rxa7 Ne2+ 30. Kh2 Bxf2 31. Bxf2 Rxf2
32. Ne5 Nf4 33. Rxf7+ Kg8 34. Rf6 $2 (34. Kg3 $1 Rxg2+ 35. Kf3 Rxa2 36. Rf6 {
was the right way to a draw. If} Kg7 {then} 37. Rf7+) 34... Rxg2+ 35. Kh1 {
[%csl Rh1]} Re2 36. Nd7 Kg7 37. Ra6 Nxh3 {With two connected passed pawns and
White's king under threats, Black obtains good winning chances.} 38. Nxc5 Nf4
39. Ra4 Kg6 40. Ne4 Rb2 $2 {Now White stops Black's pawns.} (40... Re3 $17 {
[%cal Yg5g4]} 41. Kh2 Kf5 $1 {etc.}) 41. Ng3 $1 Kf6 42. Ra6+ Ne6 43. Ra4 Nc5
44. Ra5 Nd3 45. Ra6+ Ke5 46. Rxh6 Rxa2 47. Rh8 Rb2 48. Rf8 g4 49. Kg1 Rxb3 {
The position looks absolutely drawish; still, Black manages to trick his
opponent.} 50. Re8+ Kd5 51. Rd8+ Ke6 52. Re8+ Kf6 53. Rf8+ Ke7 54. Rg8 Rb1+ 55.
Kg2 Nf4+ 56. Kf2 Rb2+ 57. Ke3 Nd5+ 58. Kd4 Nf6 59. Rg5 Ke6 60. Re5+ Kf7 61. Rg5
Rb4+ 62. Ke5 (62. Ke3 {is simpler.}) 62... Nh7 63. Rf5+ Kg6 64. Rf1 Rb3 65. Ne2
Rb5+ 66. Kd4 Ng5 67. Nf4+ Kf5 68. Ng2+ $6 (68. Ne2+ $142 Nf3+ 69. Ke3 {
stopping Black's pawn.}) 68... Nf3+ 69. Ke3 Rb3+ 70. Kf2 Nh2 71. Ra1 $2 ({
Surprisingly,} 71. Rd1 $1 {was the only way to save the game. If} g3+ {then}
72. Ke2 $1 Ke4 73. Rd8 {[%cal Rd8e8]} Rb2+ 74. Rd2 Rxd2+ 75. Kxd2 Kf3 76. Ne1+
$1 ({but not} 76. Nh4+ $2 Kf2 {[%cal Rh2f3]}) 76... Kf2 77. Nd3+ Kf1 (77... Kg2
78. Ke3) 78. Nf4 Ng4 79. Kd3 {, and Black can't make progress, e.g.} Ke1 (79...
Kf2 80. Nh5 $5 g2 81. Nf4) 80. Ke4 Kf2 81. Nd3+ (81. Nh5 $4 Nf6+ $1) 81... Kf1
82. Nf4 {etc.}) 71... g3+ 72. Kg1 Nf3+ 73. Kh1 (73. Kf1 $2 Rb2) 73... Rb2 74.
Ra5+ Ke4 75. Ra1 Nd4 {[%cal Ye4f3]} 76. Kg1 (76. Re1+ Ne2 $1 77. Nh4 Kf4 78.
Ng2+ Kg4 79. Rf1 Rb8 80. Ne3+ Kh3 81. Ng2 Rh8 82. Ne3 g2+ 83. Nxg2 Kg3+ $19)
76... Rf2 77. Ra4 Ke5 78. Ra5+ Kd6 79. Ra6+ Kc5 {Black finds an interesting
way to win: he deprives White's rook of all squares on the 1st rank!} 80. Ra5+
Kb4 81. Ra1 Kb3 82. Rd1 Nf3+ 83. Kh1 Kb2 $22 84. Rg1 Nxg1 85. Kxg1 Kc3 86. Ne3
Kd3 87. Nf1 {White regains the g3 pawn but still loses due to the poor
position of his king and knight.} Ke2 88. Nxg3+ Kf3 89. Nf5 (89. Nf1 Rg2+ 90.
Kh1 Ra2 91. Nh2+ Kf2 92. Ng4+ Kg3 $19) 89... Rd2 90. Nh4+ Kg3 91. Nf5+ Kg4 92.
Ne3+ Kf3 93. Nf5 Rd5 94. Ne7 Rc5 {White's knight, parted from his king, is
doomed.} 0-1

[Event "RUS-chT 12th"]
[Site "Sochi"]
[Date "2005.04.19"]
[Round "1"]
[White "Riazantsev, Alexander"]
[Black "Sutovsky, Emil"]
[Result "1/2-1/2"]
[WhiteElo "2608"]
[BlackElo "2665"]
[Annotator "Krasenkow,M"]
[PlyCount "63"]
[EventDate "2005.04.19"]
[EventType "team-tourn"]
[EventRounds "11"]
[EventCountry "RUS"]
[SourceTitle "EXT 2020"]
[Source "ChessBase"]
[SourceDate "2019.10.17"]
[SourceVersion "1"]
[SourceVersionDate "2019.10.17"]
[SourceQuality "1"]
[WhiteTeam "Nizhny Tagil Politekhnik"]
[BlackTeam "Saransk TPS"]
[WhiteTeamCountry "RUS"]
[BlackTeamCountry "RUS"]

1. d4 Nf6 2. c4 g6 3. Nc3 d5 4. Nf3 Bg7 5. Qa4+ Bd7 6. Qb3 dxc4 7. Qxc4 O-O 8.
Bf4 Na6 9. e4 c5 {About this line - see CBM103, annotations to Cs.Horvath -
Flumbort.} 10. e5 (10. d5 {is senseless as Black is a tempo up comparing to
the 5.Qb3 system:} e6 (10... Qa5 11. Bd2 Qb4 12. Rc1 Qxc4 13. Bxc4 b5 14. Be2
c4 15. e5 Ng4 16. Bf4 Nc5 17. h3 Nh6 18. O-O a6 19. g4 Rac8 20. Rfd1 {1-0
Javakhishvili,L-Melia,S/Batumi 2001/EXT 2002 (67)}) (10... b5 11. Qe2 c4 12. e5
Nh5 13. Bd2 Nb4 14. O-O-O Nd3+ 15. Kb1 Bf5 16. Ka1 b4 17. Nb5 Qa5 18. Nfd4 a6
19. Nc6 {0-1 Popov,R-Pavlov,O/Novosibirsk 2002/ (19)}) 11. Be2 exd5 12. exd5
Re8 13. Be5 Qb6 (13... Nxd5 $1 14. Qxd5 Nb4 {is even stronger}) 14. O-O Nh5 15.
Bxg7 Nxg7 16. Qf4 Qb4 17. Qd6 Bg4 18. Bxa6 Bxf3 19. Bd3 Qxb2 20. Rac1 Qd2 21.
Bb5 Nf5 $13 {0-1 Solomunovic,I-Saric,I/Pula 2004/CBM 100 ext (37)}) 10... Nh5 {
As usually, it is unfavorable for Black to "win" a queen for a couple of
pieces:} (10... Be6 $6 11. exf6 Bxc4 12. fxg7 Bxf1 $6 (12... Kxg7 13. Bxc4 cxd4
14. Rd1 Qb6 15. Be5+ f6 16. Bxd4 Qxb2 17. O-O Rac8 18. Rb1 $36 {Ftacnik}) 13.
gxf8=Q+ Qxf8 14. Kxf1 cxd4 15. Nxd4 Qc8 16. Nde2 Qf5 17. Rd1 e5 18. Be3 Nb4 19.
h4 $1 $16 {1-0 Horvath,C-Flumbort,A/Budapest 2004/CBM 103/[Ftacnik] (36)}) 11.
Be3 cxd4 12. Qxd4 Bc6 $1 {Both black knights are on the edge of the board but
his bishops are active and he is ahead in development. The general evaluation:
the position is equal.} 13. Be2 Bxf3 (13... Qa5 14. O-O Bxf3 15. Bxf3 Bxe5 16.
Qd5 Qxd5 17. Nxd5 Rfe8 18. Rac1 e6 19. Nc3 Re7 20. a3 Bf4 21. Bxh5 Bxe3 22.
fxe3 gxh5 23. Ne4 Nc7 24. Nf6+ Kh8 25. Nxh5 Ne8 $11 {1/2-1/2 Sokolov,I-Van
Wely,L/Belgium 2003/CBM 097 ext (36)}) 14. Bxf3 Qxd4 15. Bxd4 Nb4 16. O-O-O Nf4
{Black has given up one of his bishops but his knights are now very active.}
17. Kb1 (17. Bxb7 $6 Nbd3+ 18. Kc2 Rab8 19. Rxd3 Nxd3 20. Be4 Rfd8 21. Kxd3
Bxe5 22. Nd5 $1 Bxd4 23. Nxe7+ Kf8 24. Nc6 $11) 17... Ne6 18. Be3 Bxe5 19. Rd7
Nc6 20. Rhd1 (20. Rxb7 Ned4 21. Be4 f5 {and Black is out of danger.}) 20...
Rab8 21. Na4 {White's activity compensates Black's extra pawn but not more.}
Rfc8 22. Rc1 Ned4 23. Bxd4 Nxd4 24. Rxc8+ Rxc8 25. Bxb7 Rc7 26. Rxc7 Bxc7 27.
h3 Bd6 28. Kc1 Bb4 29. Kd1 e5 30. a3 Be7 31. Nc3 f5 32. Ne2 1/2-1/2

[Event "Pamplona-A 16th"]
[Site "Pamplona"]
[Date "2006.12.24"]
[Round "3"]
[White "Morozevich, Alexander"]
[Black "Shirov, Alexei"]
[Result "1-0"]
[WhiteElo "2747"]
[BlackElo "2720"]
[Annotator "Krasenkow,M"]
[PlyCount "65"]
[EventDate "2006.12.22"]
[EventType "tourn"]
[EventRounds "7"]
[EventCountry "ESP"]
[EventCategory "17"]
[SourceTitle "CBM 116"]
[Source "ChessBase"]
[SourceDate "2007.02.01"]
[SourceVersion "1"]
[SourceVersionDate "2007.02.01"]
[SourceQuality "1"]

1. d4 Nf6 2. c4 g6 3. Nc3 d5 4. cxd5 Nxd5 5. Bd2 Nb6 6. Nf3 Bg7 7. Rc1 O-O 8.
Bg5 h6 9. Bh4 g5 10. Bg3 c5 {About this line - see CBM 90, annotations to
Priehoda-Sutovsky by GM L.Ftacnik.} 11. d5 $5 e6 12. d6 $1 $146 {[%csl Gd6]
[%mdl 8] A new, very strong plan. This pawn will be Black's first problem; his
weak kingside will be the other.} (12. dxe6 Qxd1+ 13. Rxd1 Bxe6 14. e3 N8d7 15.
Bb5 Nf6 16. O-O a6 17. Be2 Nbd5 18. Nxd5 Nxd5 19. Ne5 Rfd8 20. Bf3 Rac8 $11 {
1/2-1/2 Popov,L-Pytel,K/Zemun 1980/EXT 2000 (40)}) 12... Nd5 {Black is trying
to make use of White's uncastled king. In vain...} (12... Nc6 13. e3 f5 14. Bb5
$5 $36) 13. h4 (13. Nxd5 exd5 14. Qxd5 (14. Rxc5 Qb6) 14... Bxb2 15. Rxc5 Na6
$44 {etc. is what Black hoped for.}) 13... g4 14. Ne5 Qxd6 $6 {This leads to
complications favorable for White.} (14... Nd7 $142 15. Nxd7 Bxd7 16. e4 Nxc3
17. bxc3 f5 18. Qd2 fxe4 19. Be2 h5 20. O-O $44 {[%csl Gd6]}) (14... Nxc3 15.
bxc3 Nd7 16. Nxd7 Bxd7 17. e4 {-14...Nd7}) 15. e4 $1 f5 (15... Bxe5 16. Nb5 $16
) 16. exf5 (16. exd5 f4 17. Nc4 Qd8 18. Bh2 {looks even stronger.}) 16... Bxe5
17. Nb5 Qc6 (17... Bxg3 18. Nxd6 Bxd6 19. fxe6 Bxe6 20. Bc4 Rf5 21. Qxg4+ Kh8
22. O-O $18) 18. Bxe5 exf5 19. Nd6 {[%csl Gd6,Ge5]} Nb6 20. f3 Be6 21. Bb5 Qd5
22. Qe2 (22. Qxd5 Bxd5 23. Rxc5 Nc6 $14) 22... N8d7 23. Bf4 gxf3 $6 {This
leads to a quick collapse along the g-file.} (23... Rf6 $142 {although Black's
position is difficult anyway.}) (23... a6 $143 24. Rd1 Qxa2 25. Bxd7 Nxd7 26.
Bxh6 $16) 24. gxf3 Kh7 25. Rd1 Qxa2 26. Kf2 Rf6 27. Rhg1 {[%mdl 128]} Raf8 (
27... Qb3 28. Be5 Nxe5 29. Qxe5 Qc2+ 30. Ke1 Qb3 31. Rd2 $3 (31. Qxf6 $2 Qe3+
$11) 31... Nd5 (31... Raf8 32. Ne8) (31... Qxf3 32. Rf1) 32. Ke2 $1 {[%cal
Rb5c4]} Rg8 33. Rxg8 Bxg8 34. Bd3 $18 {V.Lebedev}) (27... Rg8 {was the last
chance to continue resistance:} 28. Rxg8 Kxg8 29. Ne8 Rf7 30. Bxh6 $16) 28. Be5
$1 Nxe5 29. Qxe5 {[%cal Rd6e8]} Nd7 30. Bxd7 Bxd7 31. Ne4 $1 fxe4 (31... R6f7
32. Nf6+ $1) 32. Rxd7+ Kh8 33. Rg6 1-0

[Event "Hastings 00 75th"]
[Site "Hastings"]
[Date "2000.01.11"]
[Round "8"]
[White "Sokolov, Ivan"]
[Black "Sutovsky, Emil"]
[Result "0-1"]
[WhiteElo "2637"]
[BlackElo "2597"]
[Annotator "Krasenkow,M"]
[PlyCount "76"]
[EventDate "2000.01.04"]
[EventType "tourn"]
[EventRounds "9"]
[EventCountry "ENG"]
[EventCategory "13"]
[SourceTitle "CBM 075"]
[Source "ChessBase"]
[SourceDate "2000.04.05"]
[SourceVersion "1"]
[SourceVersionDate "2000.04.05"]
[SourceQuality "1"]

1. d4 Nf6 2. c4 g6 3. Nc3 d5 4. cxd5 Nxd5 5. Bd2 Bg7 6. e4 Nb6 7. Be3 O-O 8.
Be2 Nc6 9. Nf3 Bg4 10. d5 Bxf3 11. Bxf3 Ne5 12. Be2 Nec4 (12... c6 {1-0
Malaniuk,V-Ftacnik,L/MK Cafe Cup-A 1999 (40) is less accurate - see CBM73.})
13. Bc1 c6 (13... e6 $5 {Ftacnik}) 14. dxc6 (14. O-O $5 {deserves further
investigation. So far there has been only one practical test of this move:}
cxd5 15. exd5 Rc8 16. Qb3 Na5 17. Qa3 Nxd5 18. Nxd5 Qxd5 19. Rb1 Nc6 20. Bf3
Qd7 21. Bg5 e6 22. Rfd1 Nd4 23. Qxa7 Nxf3+ 24. gxf3 Qb5 25. Be3 Ra8 26. Qc5 Qe2
27. Kg2 Rxa2 28. Rd2 Qa6 29. Rd6 Qa8 30. b4 Rc8 31. Qb5 Rac2 32. Rbd1 Bf8 33.
Rd7 Qa3 $2 34. Qe5 Qb2 $4 35. Bd4 Rxf2+ 36. Kh1 {1-0 Cebalo,M-Belotti,B/8th
Valle d'Aosta Open 2000}) 14... bxc6 {It is now clear that, if White manages
to consolidate his position (develop his pieces, connect his rooks) without
positional concessions, he will be clearly better due to his pair of bishops
and Black's weak c-pawn. However, how can he reach that? And the first
question: should he exchange the queens or not?} 15. Qc2 {White decides to
keep the queens. In case of} (15. O-O {Black could have played} Qd4 {anyway,
to obtain a better situation for the queen swap.}) 15... Qd4 16. O-O Rfd8 17.
Rb1 $6 {This enables Black to destroy the white pawn structure and convert his
weakness into a strong passed pawn.} (17. a4 {is also a concession as the
white b-pawn becomes weak, e.g.} Qc5 18. Nb1 Qb4 19. Ra2 Na5 20. Nd2 Rd7 21.
Nf3 Rad8 22. h3 Nbc4 23. Bxc4 Nxc4 24. b3 Ne5 {1/2-1/2 Novikov,I-Holzke,F/5th
Wichern op Hamburg 1999}) ({Or} 17. Rd1 Qc5 {and what now?}) {The conclusion
is that 16.Qc2 (and perhaps the whole line) doesn't yield White any advantage.}
17... Na3 18. bxa3 Qxc3 19. Qxc3 (19. Qb3 $5) 19... Bxc3 20. Ba6 {White should
create some counterplay, otherwise Black will be clearly better, e.g.} (20. Be3
Bd4 {or}) (20. Bg5 Kf8 (20... f6 21. Rfc1 Bd2 22. Bxd2 Rxd2 23. Bg4 $11) 21.
Rfd1 Bd4) 20... c5 21. Bf4 Bd2 $1 (21... e5 22. Bg5 Rd7 23. Rfc1 Bd4 24. a4 $1)
22. Be5 $2 {A strange move. Why not} (22. Bc7 {? E.g.} c4 (22... Rd7 23. Bxb6
axb6 24. Rxb6 {and White should not lose}) (22... Rd4 23. Rfd1) 23. Bxd8 Rxd8
24. Rb5 {stopping the c4 pawn although Black's chances remain preferable.})
22... c4 $1 {[%csl Gc4] Having passed the c4 square, this pawn becomes
unstoppable.} 23. Bb7 f6 24. Bc7 Rd7 25. Bxa8 {A win of the exchange doesn't
help White. However,} (25. Bxb6 {lead to a hopeless rook endgame:} Rxb7 26. Be3
Rxb1 27. Rxb1 Bxe3 28. fxe3 c3 29. Kf2 {and now:} Rd8 $142 $1 (29... Kf7 30.
Ke2 (30. Rc1 Rc8 31. Ke2 Ke6 32. Kd3 Ke5 $19) 30... Rd8 31. Rb7 Rd2+ 32. Kf3 c2
33. Rc7 Ke6 {and it is not yet clear whether Black can win}) 30. Kf3 (30. Rb7
Rc8 31. Rb1 c2 32. Rc1 Kf7 33. Ke2 Ke6 34. Kd3 Ke5 $19) (30. Ke1 Rd2) 30... c2
31. Rc1 Rd2 $19) 25... Rxc7 26. Bd5+ Nxd5 27. exd5 c3 28. g3 c2 29. Rbc1 {
In the rook endgame Black will be practically a pawn up, with his rook
supporting the far-advanced pawn from behind. As White has no time just to
bring his king and capture the pawn, the game is over.} Kf7 {Black needn't
hurry with ...Bxc1} 30. Kg2 f5 31. f4 Ke8 32. Kf3 Kd7 33. Ke2 Bxc1 34. Rxc1 Kd6
35. Kd2 Kxd5 36. a4 h5 37. a5 a6 38. h4 Kd4 0-1